[Event "Challenge"]
[Site "http://www.queenalice.com/game.php?id=971522"]
[Date "2011.8.11"]
[Round "-"]
[White "aragats"]
[Black "TiMicky"]
[Result "0-1"]
[WhiteElo "1880"]
[BlackElo "1810"]

1. f4 c5 2. Nf3 d5 3. e3 g6 4. Nc3 a6 5. Be2 Nf6 6. b3 Nc6 7. Bb2 Bg7 8. a3 O-O
9. Rb1 Qd7 10. O-O d4 11. exd4 cxd4 12. Na2 Qd6 13. g3 Bh3 14. Rf2 Ng4 15. Ng5
Nxf2 16. Kxf2 Bf5 17. Ne4 Bxe4 0-1

[Event "Challenge"]
[Site "http://www.queenalice.com/game.php?id=974009"]
[Date "2011.8.18"]
[Round "-"]
[White "oirelaw"]
[Black "TiMicky"]
[Result "0-1"]
[WhiteElo "1826"]
[BlackElo "1829"]

1. d4 c5 2. dxc5 Qa5+ 3. Nc3 Qxc5 4. e4 Nf6 5. h3 e6 6. Bg5 Be7 7. a3 a6 8. Bd3
Qxg5 9. Qf3 Nc6 10. h4 Qc5 11. h5 Nd4 12. h6 Nxf3+ 13. Nxf3 g6 14. Rf1 Bf8 15.
e5 Nd5 16. Ne4 Qa5+ 17. b4 Bxb4+ 18. Ke2 Nf4+ 19. Ke3 Nxg2+ 20. Ke2 Bf8 21. Rh1
b5 22. Kf1 Nf4 23. Nf6+ Kd8 24. Be4 Ra7 25. Ng5 d5 26. Bd3 Nxd3 27. Nxf7+ Rxf7
28. Rd1 Nxe5 29. Nxd5 exd5 30. Rxd5+ Rd7 31. Rxe5 Rd1+ 32. Kg2 Rxh1 33. Kxh1
Bb7+ 34. Kh2 Bd6 35. f4 Qd2+ 36. Kg3 Qg2+ 37. Kh4 Bf3 38. c3 Qg4# 0-1

[Event "Challenge"]
[Site "http://www.queenalice.com/game.php?id=974010"]
[Date "2011.8.18"]
[Round "-"]
[White "TiMicky"]
[Black "oirelaw"]
[Result "0-1"]
[WhiteElo "1845"]
[BlackElo "1840"]

1. c4 d5 2. c5 Nc6 3. d4 h6 4. e3 Nf6 5. Nf3 e6 6. Bb5 Bd7 7. a3 a6 8. Bxc6 Bxc6
9. Ne5 Bb5 10. b3 a5 11. a4 Ba6 12. Nc3 Nd7 13. Ba3 Nxe5 14. dxe5 Qg5 15. Qf3
Qxe5 16. Rc1 d4 17. Ne2 dxe3 18. Qxe3 Qd5 19. O-O Be7 20. Rfd1 Qh5 21. Ng3 Qg6
22. Qc3 b6 23. Bb2 Bxc5 24. Qxg7 Qxg7 25. Bxg7 Rh7 26. Nh5 Rxg7 27. Nxg7+ Kf8
28. Nh5 Be2 29. Nf6 Bxd1 30. Rxd1 Ke7 31. Ng8+ Rxg8 32. h3 Rg5 33. Rc1 f5 34.
Rc2 f4 35. Kh2 h5 36. h4 Rd5 37. Rc3 Kd7 38. g3 Bxf2 0-1

[Event "Challenge"]
[Site "http://www.queenalice.com/game.php?id=986350"]
[Date "2011.9.17"]
[Round "-"]
[White "albemo"]
[Black "TiMicky"]
[Result "1-0"]
[WhiteElo "1855"]
[BlackElo "1845"]

1. c4 c5 2. Nc3 Nc6 3. Nf3 e6 4. e4 e5 5. Be2 Nf6 6. O-O d6 7. a3 h6 8. Rb1 a6
9. b4 Nd4 10. bxc5 dxc5 11. Nxe5 Bd6 12. f4 O-O 13. d3 Bxe5 14. fxe5 Nxe2+ 15.
Nxe2 Ng4 16. Bf4 g5 17. Bc1 Nxe5 18. Rb3 Bd7 19. Nc3 Bc6 20. Nd5 Bxd5 21. cxd5
b5 22. Qh5 Qb6 23. d4 cxd4 24. Bxg5 Qg6 25. Qxh6 Qxh6 26. Bxh6 Rfe8 27. Rd1 d3
28. Rb4 Rac8 29. Bf4 Rc3 30. a4 Nc4 31. axb5 axb5 32. e5 Nxe5 33. Rxb5 Nd7 34.
Rb7 Nf6 35. d6 Re4 36. Bg5 1-0

[Event "Challenge"]
[Site "http://www.queenalice.com/game.php?id=991465"]
[Date "2011.9.30"]
[Round "-"]
[White "TiMicky"]
[Black "Canaye"]
[Result "1-0"]
[WhiteElo "1809"]
[BlackElo "1904"]

1. c4 e6 2. d4 d5 3. c5 Nc6 4. e3 e5 5. Bb5 e4 6. Bxc6+ bxc6 7. Qa4 Qd7 8. Na3
Nf6 9. Bd2 Be7 10. Nc2 O-O 11. h3 Nh5 12. O-O-O f5 13. g3 Bb7 14. Ne2 Rfb8 15.
Ba5 Bc8 16. Nb4 Bb7 17. Kb1 g5 18. Rhg1 Nf6 19. h4 g4 20. Nf4 Kg7 21. h5 h6 22.
Rh1 Nh7 23. Nfxd5 Bd8 24. Nf4 Bf6 25. d5 Qe7 26. d6 Qe5 27. Qc2 cxd6 28. Rxd6
Ba6 29. Rd7+ Kg8 30. Qb3+ 1-0

[Event "Challenge"]
[Site "http://www.queenalice.com/game.php?id=995431"]
[Date "2011.10.9"]
[Round "-"]
[White "TiMicky"]
[Black "albemo"]
[Result "0-1"]
[WhiteElo "1829"]
[BlackElo "1860"]

1. c4 c5 2. Nc3 Nc6 3. e4 g6 4. Nf3 Bg7 5. Be2 Nf6 6. d3 O-O 7. Nd5 e6 8. e5
Nxd5 9. cxd5 exd5 10. Bf4 Re8 11. Qb3 Nxe5 12. Qxd5 Nxf3+ 13. Qxf3 Bxb2 14. Rb1
Bc3+ 15. Kf1 Qa5 16. Qd5 Bd4 17. h4 d6 18. h5 Bf6 19. hxg6 hxg6 20. Qxd6 Be6 21.
Rxb7 Qxa2 22. Qxc5 Bd5 23. Rd7 Qxe2+ 24. Kg1 Qg4 25. Qxd5 Re1+ 0-1

[Event "Challenge"]
[Site "http://www.queenalice.com/game.php?id=1000708"]
[Date "2011.10.23"]
[Round "-"]
[White "TiMicky"]
[Black "albemo"]
[Result "0-1"]
[WhiteElo "1782"]
[BlackElo "1875"]

1. c4 c5 2. Nc3 Nc6 3. d3 Nf6 4. e4 e6 5. Nf3 Be7 6. g3 O-O 7. Bg2 d5 8. O-O
dxe4 9. Nxe4 Nxe4 10. dxe4 e5 11. Qxd8 Rxd8 12. Be3 b6 13. Rad1 Rxd1 14. Rxd1
Be6 15. b3 Rd8 16. Rxd8+ Bxd8 17. a3 Be7 18. h4 f6 19. Kh2 Nd4 20. Nxd4 cxd4 21.
Bc1 a5 22. a4 Bb4 23. Bf1 f5 24. Bd3 g6 25. Bg5 Bc5 26. Bf6 Kf7 27. Bxe5 fxe4
28. Bxe4 Ke7 29. f3 Kf7 30. g4 Ke7 31. Kg3 Kf7 32. Kf4 h6 33. Bd3 Bd7 34. Ke4
Bc6+ 35. Kf4 Bd7 36. Be4 Be6 37. Bd5 Bxd5 38. cxd5 d3 39. Bc3 g5+ 40. hxg5 hxg5+
41. Kxg5 Bb4 42. Kf4 Bxc3 43. Ke3 d2 44. Ke2 Ke7 0-1

[Event "Challenge"]
[Site "http://www.queenalice.com/game.php?id=1005533"]
[Date "2011.11.6"]
[Round "-"]
[White "TiMicky"]
[Black "Canaye"]
[Result "0-1"]
[WhiteElo "1792"]
[BlackElo "1938"]

1. c4 e6 2. Nc3 d5 3. cxd5 exd5 4. d4 c6 5. g3 Bb4 6. Bd2 Ne7 7. a3 Bd6 8. Nf3
Bg4 9. Bg2 O-O 10. O-O Qc7 11. e4 dxe4 12. Nxe4 Nd7 13. Bc3 Nd5 14. Qb3 Nxc3 15.
bxc3 Be7 16. Rfe1 Nf6 17. Ne5 Be6 18. Qd1 Rad8 19. Rb1 Nd5 20. Qh5 Qc8 21. Ng5
Bxg5 22. Qxg5 f6 23. Qh5 fxe5 24. Qxe5 Rde8 25. c4 Nc3 26. Rb4 Bh3 27. Bxh3 Rxe5
28. Rxe5 Qxh3 29. Re3 Nd1 30. Re2 Qg4 31. Kf1 Qxd4 32. f4 Ne3+ 33. Kf2 Nc2+ 0-1

[Event "Challenge"]
[Site "http://www.queenalice.com/game.php?id=1026131"]
[Date "2012.2.4"]
[Round "-"]
[White "TiMicky"]
[Black "plot24"]
[Result "1-0"]
[WhiteElo "1770"]
[BlackElo "1841"]

1. e3 e5 2. e4 Nf6 3. f3 Nc6 4. b3 d6 5. Bb2 b6 6. Bb5 Bb7 7. Ne2 Be7 8. Nbc3
O-O 9. d4 exd4 10. Nxd4 Ne5 11. Qd2 d5 12. O-O-O c6 13. Bd3 c5 14. Nf5 dxe4 15.
Bxe4 Nxe4 16. Nxe4 Qxd2+ 17. Rxd2 Bxe4 18. Nxe7+ 1-0

[Event "Challenge"]
[Site "http://www.queenalice.com/game.php?id=1037805"]
[Date "2012.3.10"]
[Round "-"]
[White "Canaye"]
[Black "TiMicky"]
[Result "0-1"]
[WhiteElo "1934"]
[BlackElo "1821"]

1. d4 c5 2. dxc5 Qa5+ 3. Nc3 Qxc5 4. Nf3 g6 5. e4 Bg7 6. Nb5 Na6 7. Rb1 d6 8. b4
Qh5 9. Be2 Qg4 10. O-O Qxe4 11. a3 Nh6 12. Nxd6+ exd6 13. Qxd6 Qe7 14. Bb5+ Kf8
15. Qxe7+ Kxe7 16. Re1+ Be6 17. Bg5+ f6 18. Bd2 Rhd8 19. Bc4 Nc7 20. Bf4 Kf8 21.
Bxc7 Rdc8 22. Bxe6 Rxc7 23. c4 Re8 24. c5 Nf7 25. Rb2 Ne5 26. Nxe5 Rxe6 27. Nf3
Rce7 28. Rxe6 Rxe6 29. g3 Ke7 30. Rd2 Bh6 31. Rd3 Ra6 32. Kg2 Bc1 33. b5 Rxa3
34. Rd1 Rc3 35. Rd5 Ba3 36. b6 a6 37. Nd4 Rxc5 38. Rxc5 Bxc5 39. Nc6+ Kd6 40.
Nd8 Bxb6 41. Nxb7+ Ke5 42. Kf1 a5 43. Ke2 a4 44. f4+ Kd5 45. Kd3 Kc6 46. Kc4
Kxb7 47. Kb5 a3 0-1

[Event "Challenge"]
[Site "http://www.queenalice.com/game.php?id=1037806"]
[Date "2012.3.10"]
[Round "-"]
[White "TiMicky"]
[Black "Canaye"]
[Result "1-0"]
[WhiteElo "1799"]
[BlackElo "1956"]

1. e4 e6 2. d3 d5 3. Be2 d4 4. Nf3 c5 5. c3 Nc6 6. Bd2 Nf6 7. Qa4 Bd7 8. Qc2 e5
9. cxd4 Nxd4 10. Nxd4 cxd4 11. Bg5 Be7 12. Nd2 O-O 13. Nf3 Re8 14. O-O Rc8 15.
Qb3 b6 16. Nxe5 Be6 17. Qd1 h6 18. Bxf6 Bxf6 19. Ng4 Bxg4 20. Bxg4 Rc5 21. Rc1
Bg5 22. Rxc5 bxc5 23. Qa4 Re7 24. b3 Qd6 25. g3 g6 26. Bh3 Bd2 27. Qc4 h5 28.
Qc2 Bc3 29. Rc1 g5 30. Bf5 f6 31. Qe2 g4 32. Rc2 Rg7 33. Qd1 Rg5 34. Qc1 Qf8 35.
Qf4 Ba5 36. e5 Bc7 37. Be6+ Kg7 38. exf6+ Qxf6 39. Qxc7+ Kg6 40. Re2 h4 41. Bc8
Kh5 42. Re6 Qg7 43. Bd7 h3 44. Be8+ Rg6 45. Bxg6+ 1-0

[Event "Challenge"]
[Site "http://www.queenalice.com/game.php?id=1041337"]
[Date "2012.3.21"]
[Round "-"]
[White "titi93"]
[Black "TiMicky"]
[Result "0-1"]
[WhiteElo "1544"]
[BlackElo "1789"]

1. e4 c6 2. Bc4 e6 3. d3 d5 4. exd5 cxd5 5. Bb5+ Bd7 6. Bxd7+ Nxd7 7. d4 g6 8.
Nf3 Bg7 9. c3 Ne7 10. Na3 a6 11. c4 Nc6 12. b3 Qb6 13. Bf4 Qb4+ 14. Bd2 Qxa3 15.
cxd5 Nxd4 16. Nxd4 Bxd4 17. O-O Bxa1 18. Qxa1 e5 19. f4 O-O 20. fxe5 Qc5+ 21.
Rf2 Qxd5 22. Qe1 Nxe5 23. Bh6 Rfe8 24. Rf6 Ng4 0-1

[Event "Challeng"]
[Site "http://www.queenalice.com/game.php?id=1045244"]
[Date "2012.4.2"]
[Round "-"]
[White "TIKAR"]
[Black "TiMicky"]
[Result "1-0"]
[WhiteElo "1529"]
[BlackElo "1844"]

1. e4 c6 2. d4 d6 3. c4 g6 4. Bf4 Bg7 5. Nh3 Qb6 6. Nc3 Qxb2 7. Na4 Qxd4 8. Qxd4
Bxd4 9. Rd1 c5 10. Be3 Bd7 11. Bxd4 Bxa4 12. Bxh8 Bxd1 13. Kxd1 Nc6 14. Be2
O-O-O 15. Ng5 Nh6 16. Bg7 Ng8 17. Nxf7 Rd7 18. Bg4 Nf6 19. Bxd7+ Kxd7 20. f4
Nxe4 21. Re1 Nf2+ 22. Ke2 Ng4 23. h3 Nd4+ 24. Kd1 Nf2+ 25. Kd2 Ne6 26. Bh6 a6
27. Re2 Nxh3 28. gxh3 b5 29. Ng5 Nxg5 30. Bxg5 e6 31. cxb5 axb5 32. Kd1 h5 33.
a4 bxa4 34. Ra2 Kc6 35. Rxa4 Kd5 36. Bh4 e5 37. fxe5 dxe5 38. Ra6 e4 39. Rxg6 c4
40. Bf6 e3 41. Rg5+ 1-0

[Event "TiMicky vs tikar b"]
[Site "http://www.queenalice.com/game.php?id=1045245"]
[Date "2012.4.2"]
[Round "-"]
[White "TIKAR"]
[Black "TiMicky"]
[Result "0-1"]
[WhiteElo "1453"]
[BlackElo "1797"]

1. d4 c5 2. e3 d5 3. dxc5 Qa5+ 4. Nc3 Qxc5 5. Nxd5 e6 6. b4 Qxd5 7. Bd3 Qe5 8.
Rb1 Qd5 9. Nf3 Qxa2 10. Rb3 Qa4 11. Ne5 Qa1 12. e4 Qxe5 13. Be3 Nf6 14. Qd2 Be7
15. Qc3 Qxc3+ 16. Rxc3 Bxb4 17. Bb5+ Bd7 18. Bxd7+ Nbxd7 19. Kd2 Nxe4+ 20. Kd3
Nxc3 21. Kc4 a5 0-1

[Event "TiMicky vs tikar n"]
[Site "http://www.queenalice.com/game.php?id=1045246"]
[Date "2012.4.2"]
[Round "-"]
[White "TiMicky"]
[Black "TIKAR"]
[Result "1-0"]
[WhiteElo "1795"]
[BlackElo "1455"]

1. e4 e6 2. d4 d5 3. Nc3 Qf6 4. Bd3 Qxd4 5. Be3 Qb4 6. Rb1 d4 7. a3 Qd6 8. Nb5
Qd7 9. Bf4 a6 10. Nxc7+ Kd8 11. Nxa8 Bd6 12. Nb6 Qc6 13. Bxd6 Qxd6 14. Nc4 Qf4
15. Nh3 Qh6 16. Nd6 Ne7 17. Nxf7+ Kc7 18. Nxh6 Nd7 19. Nf7 Rf8 20. Nfg5 Nc5 21.
b4 Na4 22. Nxe6+ 1-0

[Event "TiMicky vs tikar n"]
[Site "http://www.queenalice.com/game.php?id=1045247"]
[Date "2012.4.2"]
[Round "-"]
[White "TiMicky"]
[Black "TIKAR"]
[Result "1-0"]
[WhiteElo "1842"]
[BlackElo "1468"]

1. c3 d5 2. Nf3 c5 3. d3 g6 4. Be3 Qb6 5. b4 e6 6. d4 cxb4 7. c4 dxc4 8. d5 Qa5
9. Bd4 Qxd5 10. Bxh8 Nc6 11. Qxd5 exd5 12. e3 f6 13. Be2 b3 14. a3 b2 15. Ra2 c3
16. Bd3 Bf5 17. Bxf5 Nb4 18. axb4 Bxb4 19. Bc2 Rc8 20. O-O Kf7 21. Rxa7 Nh6 22.
Rxb7+ Ke6 23. Bg7 Ng4 24. Rxb4 Ne5 25. Nxe5 1-0

[Event "AUTO-ADV-2490"]
[Site "http://www.queenalice.com/game.php?id=1054780"]
[Date "2012.5.1"]
[Round "1"]
[White "Rubens2009"]
[Black "TiMicky"]
[Result "1-0"]
[WhiteElo "1795"]
[BlackElo "1815"]

1. e4 c6 2. d4 d6 3. h3 g6 4. Nf3 Bg7 5. Nc3 e6 6. Be2 Nd7 7. O-O Ne7 8. Bg5 h6
9. Bh4 O-O 10. Nh2 Re8 11. f4 Qb6 12. Bf2 Qxb2 13. Qd3 b5 14. e5 d5 15. a3 b4
16. axb4 Qxb4 17. Rfb1 Qc4 18. Qe3 Nf5 19. Qd2 Nb6 20. Bxc4 Nxc4 21. Qd1 h5 22.
Nf3 Bh6 23. g3 a5 24. Ng5 Bd7 25. Na4 Red8 26. Nc5 Bg7 27. Rb7 Be8 28. Rab1 Na3
29. R1b3 Nb5 30. Qd3 a4 31. Rb1 a3 32. c4 dxc4 33. Qxc4 Bf8 34. Ncxe6 1-0

[Event "AUTO-ADV-2490"]
[Site "http://www.queenalice.com/game.php?id=1054781"]
[Date "2012.5.1"]
[Round "1"]
[White "TiMicky"]
[Black "Rubens2009"]
[Result "0-1"]
[WhiteElo "1798"]
[BlackElo "1830"]

1. e4 c5 2. Bc4 e6 3. Nf3 a6 4. d4 d5 5. exd5 exd5 6. Be2 c4 7. Nc3 Be6 8. Qd2
Nc6 9. O-O Be7 10. b3 b5 11. bxc4 dxc4 12. Rd1 Bf5 13. a4 Nf6 14. axb5 axb5 15.
Bb2 b4 16. Nb5 c3 17. Rxa8 cxd2 18. Nc7+ Kd7 19. Rxd8+ Rxd8 20. Nb5 Bxc2 21.
Rxd2 b3 22. Ne5+ Nxe5 23. dxe5+ Kc6 24. Rxd8 Bxd8 25. exf6 Bxf6 26. Nd4+ Kd5 27.
Nxc2 bxc2 28. Bc1 Kd4 29. Kf1 Kc3 30. Ke1 Kb3 31. Bd3 g6 32. g3 Bb2 33. Kd2 Bc3+
34. Ke2 f5 35. f4 Bb2 36. Bxc2+ Kxc2 37. Bxb2 Kxb2 38. h4 Kc3 39. Kf3 Kd4 40. g4
h5 0-1

[Event "AUTO-ADV-2490"]
[Site "http://www.queenalice.com/game.php?id=1054794"]
[Date "2012.5.1"]
[Round "1"]
[White "Blutigeroo"]
[Black "TiMicky"]
[Result "1-0"]
[WhiteElo "1797"]
[BlackElo "1779"]

1. c4 c6 2. Nc3 g6 3. e3 Bg7 4. Nge2 d6 5. g3 Bg4 6. Bg2 Nf6 7. O-O O-O 8. f3
Be6 9. b3 Na6 10. d4 Qb6 11. e4 c5 12. Be3 Nd7 13. Qd3 Nb4 14. Qd2 cxd4 15. Nxd4
Bxd4 16. Bxd4 Qc6 17. Rae1 Ne5 18. a3 Nbd3 19. Re3 a6 20. Rxd3 Nxd3 21. Qxd3
Rab8 22. Qe3 f6 23. Bb6 Qd7 24. a4 Bh3 25. a5 Bxg2 26. Kxg2 e5 27. Nd5 g5 28. h4
h6 29. f4 gxf4 30. gxf4 Qg4+ 31. Qg3 Qxg3+ 32. Kxg3 1-0

[Event "AUTO-ADV-2490"]
[Site "http://www.queenalice.com/game.php?id=1054795"]
[Date "2012.5.1"]
[Round "1"]
[White "TiMicky"]
[Black "Blutigeroo"]
[Result "1-0"]
[WhiteElo "1764"]
[BlackElo "1837"]

1. b3 e5 2. e4 Nf6 3. Nc3 Be7 4. Bb2 O-O 5. Bd3 c6 6. Nf3 d6 7. O-O Be6 8. a4
Nbd7 9. Ng5 Bg4 10. Be2 h5 11. Bxg4 hxg4 12. d3 d5 13. g3 Ne8 14. exd5 Bxg5 15.
Qxg4 Bh6 16. dxc6 bxc6 17. Ne4 f5 18. Nf6+ Rxf6 19. Qc4+ Kh8 20. Rfe1 Qc7 21.
Rad1 Nd6 22. Qh4 g5 23. Qh5 Re8 24. d4 Nf7 25. dxe5 Rfe6 26. Qxf7 R8e7 27. Qxf5
Nxe5 28. f4 gxf4 29. gxf4 c5 30. Rxe5 Rg7+ 31. Kf2 Qc6 32. Rd8+ Rg8 33. Rxe6+
1-0

[Event "AUTO-ADV-2490"]
[Site "http://www.queenalice.com/game.php?id=1054804"]
[Date "2012.5.1"]
[Round "1"]
[White "TiMicky"]
[Black "Rouletabosse"]
[Result "1-0"]
[WhiteElo "1783"]
[BlackElo "1754"]

1. c3 d5 2. d3 e6 3. g3 Nf6 4. Bg5 Be7 5. Bg2 c6 6. Nf3 h6 7. Bxf6 Bxf6 8. O-O
O-O 9. Nbd2 Nd7 10. e3 Be7 11. d4 c5 12. Ne5 cxd4 13. exd4 Nf6 14. b4 a6 15. a4
Bd7 16. Nxd7 Qxd7 17. Rb1 b5 18. a5 Rfc8 19. Rc1 Bd6 20. Re1 Re8 21. Nb3 Rec8
22. Nc5 Bxc5 23. dxc5 Rc6 24. c4 bxc4 25. Rxc4 Rd8 26. Rc1 Ne8 27. Bf1 Nc7 28.
Bd3 f6 29. Qh5 f5 30. g4 Qf7 31. Qxf7+ Kxf7 32. gxf5 1-0

[Event "AUTO-ADV-2490"]
[Site "http://www.queenalice.com/game.php?id=1054805"]
[Date "2012.5.1"]
[Round "1"]
[White "Rouletabosse"]
[Black "TiMicky"]
[Result "1-0"]
[WhiteElo "1723"]
[BlackElo "1798"]

1. Nf3 c6 2. c4 d6 3. h3 g6 4. Nc3 Nd7 5. e4 Bg7 6. d3 Qa5 7. Bd2 Qb6 8. b3 Ngf6
9. Be3 Qa6 10. a4 b6 11. Rc1 Qa5 12. Qd2 Nc5 13. Qc2 O-O 14. Bd2 Qa6 15. Be2 Be6
16. d4 Ncd7 17. c5 Qc8 18. cxd6 exd6 19. e5 dxe5 20. dxe5 Ne8 21. Bf4 Qc7 22.
O-O Nxe5 23. Nxe5 Bxe5 24. Bxe5 Qxe5 25. Bf3 Rc8 26. Rfe1 Qg5 27. Kh1 Bf5 28.
Ne4 Bxe4 29. Qxe4 Nf6 30. Qb1 c5 31. Rc4 Rce8 32. Rxe8 Rxe8 33. Qd1 Qe5 34. Rc2
1-0